000 00521nam a2200193Ia 4500
003 OSt
005 20250522124930.0
008 210210b1983 xxu||||| |||| 00| 0 eng d
040 _cAL
041 _aKannada
082 _aK894.3 VENR
100 _aVENKATARAM (Ta Pu).
_dವೆಂಕಟರಾಮ್ (ತ ಪು).
_9210640
245 _aRaga sangama.
_bರಾಗಸಂಗಮ
260 _aBengaluru
_bHemanta Sahitya
_c1983
300 _a231
690 _aKannada Fiction
_9210641
906 _a036381
942 _2ddc
_cBK
999 _c86919
_d86919